| 000 | 01129 a2200229 4500 | ||
|---|---|---|---|
| 001 | 1897 | ||
| 005 | 20260407155419.0 | ||
| 008 | 260407a2010 arg spa d | ||
| 003 | AR-UNSa-BCEJYS | ||
| 040 |
_aAR-UNSa-BCEJYS _bspa _cAR-UNSa-BCEJYS |
||
| 080 |
_a658.56 _xControl de la calidad. Control de herramientas y material |
||
| 245 | 1 | 0 |
_aAuditoría de la calidad de gestión de las organización _pmétodo y aplicación práctica para medir la calidad del perfil global de gestión |
| 020 | _a978-987-1577-26-2 | ||
| 264 | 1 |
_aBuenos Aires : _bOsmar D. Buyatti _c2010 |
|
| 300 |
_a130 p. _c22 cm. |
||
| 505 | _a1. Introducción - 2. Fundamentos teóricos del modelo aplicado - 3. Metodología de desarrollo del caso - 4. Análisis e interpretación de los resultados - 5. Conclusiones del desarrollo del caso | ||
| 942 | _cBK | ||
| 590 | _aniveau_biblio:m niveau_hierar:0 | ||
| 100 | 1 | _aDe Zuani, Elio Rafael | |
| 700 | 1 | _aLazarovich, Sergio | |
| 856 | 4 | 1 |
_uhttps://biblioeco.unsa.edu.ar/pmb/images/libros/Auditor?a de la calidad de gesti?n de las organizaci?n De Zuani, Elio Rafael (2010).jpg _yImagen de portada _qimage/jpeg |
| 999 |
_c197 _d197 |
||